Dortmund spieler - Statistiken

Allgemein
  • Dieses Quiz wurde 431 mal gespielt
  • Das Durchschnittsergebnis liegt bei 4 aus 6
Answers on the Grid
Answers color-coded by a green-red scale on the quiz's grid according to % correct below.
Julian Draxler
Mario Götze
Neven Subotić
Marco Bresciano
Per Mertesacker
Ciro Immobile
Rami Khedira
Sven Bender
Lars Bender
Henrikh Mkhitaryan
Yann Sommer
Jobe Bellingham
Hakan Çalhanoglu
Burak Çamoglu
Shinji Kagawa
 
Antwortstatistiken
Antwort % Korrekt
Mario Götze
98%
Neven Subotić
86%
Ciro Immobile
79%
Sven Bender
72%
Henrikh Mkhitaryan
48%
Shinji Kagawa
35%
Keine übereinstimmenden Quizze gefunden
Verteilung der Resultate
Anzahl Personen mit jedem Resultat
Perzentil nach korrekt beantworteten Fragen
Ihre Resultats-Entwicklung
Sie haben dieses Quiz noch nicht gespielt